00887nam a2200193 450000500170000000800410001702000150005805000240007324502100009725000110030726000300031830000210034850400410036965000500041065000900046070000340055070000510058470000580063520251031142529.0211026t sp gr|||| 00| 0 spa|d a849772063604aHD3856.S7bP65 200300aPolíticas de privatización b : aspectos teóricos, experiencias y casos prácticos c / Pedro González de la Fe, Roberto Rendeiro Martín-Cejas, coordinadores ; Javier Bilbao Ubillos,...[et al.]. a1a ed. aMadrid :bDykinson,c2003 a220 p. ;c24 cm. aIncluye referencias bibliográficas 4aPrivatización vEstudio de casoszEspaña  4aEl Estado y la organización industrialxPolítica industrialxIndustriazEspaña 1 aBilbao Ubillos, Javiereautor1 aGonzález de la Fe, Pedroeautorecoordinador1 aRendeiro Martín- Cejas, Robertoeautorecoordinador